000 00598nam a2200193Ia 4500
008 151119s9999||||xx |||||||||||||| ||und||
082 _a927
082 _bGKKV29051
100 _aनाटेकर सुनील
245 _aशब्दसुरांचे वारकरी
260 _a--
260 _b--
260 _c2008
600 _aनाटेकर सुनील
630 _aशब्दसुरांचे वारकरी
700 _aनाटेकर सुनील
730 _aशब्दसुरांचे वारकरी
942 _cBOOK
999 _c1081419
_d1081416